000 00608nam a2200217Ia 4500
005 20251122104057.0
008 230125s9999 xx 000 0 und d
020 _a978150984354190000
041 _aeng
082 _a158.1
_bBAR
100 _aBarabasi Albert L
_9215487
245 _aThe Formula : The Science behind Why People Succeed Or Fail
250 _a1st Ed.
260 _c2018
_bMacmillan publication
_aLondon
300 _a310p
500 _aPersonality Development
650 _aPersonality Development
_9213420
700 _aBarabasi Albert L
_9215487
906 _b167.72
942 _cBK
999 _c96174
_d96174